Manual of Surgical Instruments and Procedures. (Record no. 151572)
[ view plain ]
| 000 -LEADER | |
|---|---|
| fixed length control field | 00377nam a2200133Ia 4500 |
| 008 - FIXED-LENGTH DATA ELEMENTS--GENERAL INFORMATION | |
| fixed length control field | 230411s9999 xx 000 0 und d |
| 041 ## - LANGUAGE CODE | |
| Language code of text/sound track or separate title | eng |
| 082 ## - DEWEY DECIMAL CLASSIFICATION NUMBER | |
| Classification number | S/617.9178/KAP/B00048 |
| 100 ## - MAIN ENTRY--PERSONAL NAME | |
| Personal name | Kapur M |
| 9 (RLIN) | 176340 |
| 245 ## - TITLE STATEMENT | |
| Title | Manual of Surgical Instruments and Procedures. |
| 260 ## - PUBLICATION, DISTRIBUTION, ETC. (IMPRINT) | |
| Name of publisher, distributor, etc. | B I Churchill Living Stone |
| Place of publication, distribution, etc. | New Delhi |
| Date of publication, distribution, etc. | 1998 |
| 300 ## - PHYSICAL DESCRIPTION | |
| Extent | 254p |
| Withdrawn status | Lost status | Damaged status | Not for loan | Collection code | Home library | Current library | Date acquired | Vendor | Cost, normal purchase price | Bill number | Total Checkouts | Full call number | Barcode | Date last seen | Date last checked out | Cost, replacement price | Bill Date | Koha item type | Original Barcode |
|---|---|---|---|---|---|---|---|---|---|---|---|---|---|---|---|---|---|---|---|
| Smt. Bakul Tambat Institute of Nursing Education | Smt. Bakul Tambat Institute of Nursing Education | 21/07/2000 | S.K.Kothari,Pune. | 125.00 | 4235 | 1 | S 617.9178 KAP B00048 | BTIN-BK-48 | 14/08/2023 | 09/08/2023 | 125.00 | 21/07/2000 | Books | B00048 |